A Dialogue between two gentlemen in New-York (distinguish'd here by the names Josiah, and Sr. Simon) relating to the publick affairs of New-Jersey.

Bibliographic Details
Format: eBook
Language:English
Series:Early American imprints. Evans (1639-1800) ; no. 5376.
Subjects:
Online Access:Evans Digital Edition

MARC

Tag First Indicator Second Indicator Subfields
LEADER 00000cam a22000001a 4500
001 in00002139484
006 m e d #
007 cr mn mmmmabba
008 841126s1744 pau s 000 0 eng d
005 20260330214810.8
035 |z w020818 
035 |a MAAR8411261003B 
035 |9 mwa91-8946 
035 |a 317216 
035 |a aas03020818 
040 |a MWA  |c MWA  |e bdrb  |d UtOrBLW 
245 0 2 |a A Dialogue between two gentlemen in New-York (distinguish'd here by the names Josiah, and Sr. Simon) relating to the publick affairs of New-Jersey. 
264 3 |a [Philadelphia] :  |b [Printed by William Bradford],  |c [1744] 
300 |a 7 pages, 1 unnumbered page ;  |c 20 cm. (quarto) 
336 |a text  |b txt  |2 rdacontent 
337 |a computer  |b c  |2 rdamedia 
338 |a online resource  |b cr  |2 rdacarrier 
500 |a Caption title. 
500 |a Imprint supplied by Evans. 
510 4 |a Evans  |c 5376 
510 4 |a Hildeburn, C.R. Pennsylvania,  |c 873 
530 |a Microform version available in the Readex Early American Imprints series. 
533 |a Electronic text and image data.  |b [Chester, Vt. :  |c Readex, a division of Newsbank, Inc.,  |d 2002-2004.  |e Includes files in TIFF, GIF and PDF formats with inclusion of keyword searchable text.  |f (Early American imprints. First series ; no. 5376). 
500 |a Electronic resource. 
610 1 0 |a New Jersey.  |t Act to continue an act, entituled, An act for settling the militia of the province of New-Jersey. 
651 0 |a New Jersey  |x Politics and government  |y To 1775. 
752 |a United States  |b Pennsylvania  |d Philadelphia. 
830 0 |a Early American imprints.  |n Series I,  |p Evans (1639-1800) ;  |v no. 5376. 
856 4 1 |u http://proxy.library.tamu.edu/login?url=https://opac.newsbank.com/select/evans/5376  |y Evans Digital Edition  |t 0 
999 |a MARS 
999 f f |s dd426aab-7951-3c8b-91f4-3822df3dbb8a  |i 4e3741ce-6a5d-3923-9198-5bfe94fb2511  |t 0 
952 f f |a Texas A&M University  |b College Station  |c Electronic Resources  |s www_evans  |d Available Online  |t 0  |h No information provided 
998 f f |t 0  |l Available Online